Strong performance by UK construction sector in October (Record no. 73743)
[ view plain ]
| 000 -LEADER | |
|---|---|
| fixed length control field | 01233cam a2200205 4500 |
| 001 - CONTROL NUMBER | |
| control field | WB3942-01 |
| 008 - FIXED-LENGTH DATA ELEMENTS--GENERAL INFORMATION | |
| fixed length control field | 031105n2003 000 0 eng u |
| 035 ## - SYSTEM CONTROL NUMBER | |
| System control number | (Sirsi) u124235 |
| 245 ## - TITLE STATEMENT | |
| Title | Strong performance by UK construction sector in October |
| 260 ## - PUBLICATION, DISTRIBUTION, ETC. | |
| Date of publication, distribution, etc. | 2003 |
| 490 ## - SERIES STATEMENT | |
| Series statement | CIPS News Release |
| Volume/sequential designation | 4 November 2003 (3) |
| 520 ## - SUMMARY, ETC. | |
| Summary, etc. | The latest Chartered Institute of Purchasing and Supply's report on construction shows the UK construction sector expanding in October at the strongest rate for 27 months and for the 57th consecutive month. The headline seasonally-adjusted "Purchasing managers index" rose to 58.9 from 56.9 in September and all three broad areas of construction activity, housing, commercial and new orders, registered an acceleration in the rate of expansion of activity in October. UK construction firms remained strongly optimistic that activity levels would be higher in a year's time than at present. http://www.cips.org/downloads/News%20and%20events/Monthly%20reports/nov_con.pdf |
| 590 ## - LOCAL NOTE (RLIN) | |
| Local note | WB |
| 650 ## - SUBJECT ADDED ENTRY--TOPICAL TERM | |
| Topical term or geographic name entry element | CONSTRUCTION SECTOR |
| 650 ## - SUBJECT ADDED ENTRY--TOPICAL TERM | |
| Topical term or geographic name entry element | NEW ORDERS |
| 650 ## - SUBJECT ADDED ENTRY--TOPICAL TERM | |
| Topical term or geographic name entry element | UK PURCHASING MANAGERS INDEX |
| 650 ## - SUBJECT ADDED ENTRY--TOPICAL TERM | |
| Topical term or geographic name entry element | CONSTRUCTION EMPLOYMENT |
| 690 ## - LOCAL SUBJECT ADDED ENTRY--TOPICAL TERM (OCLC, RLIN) | |
| Topical term or geographic name as entry element | BUILDING AND CONSTRUCTION-ECONOMICS |
| 942 ## - ADDED ENTRY ELEMENTS (KOHA) | |
| Suppress in OPAC | 0 |
| Withdrawn status | Lost status | Source of classification or shelving scheme | Damaged status | Not for loan | Home library | Current library | Shelving location | Date acquired | Total Checkouts | Full call number | Barcode | Date last seen | Copy number | Price effective from | Koha item type |
|---|---|---|---|---|---|---|---|---|---|---|---|---|---|---|---|
| Dewey Decimal Classification | London | London | News article | 05/11/2003 | WB3942-01 | 124235-1001 | 06/08/2019 | 1 | 06/08/2019 | News article |